| 000 | 00911nam a22002777a 4500 | ||
|---|---|---|---|
| 001 | 3073 | ||
| 003 | FISKH | ||
| 005 | 20260325105335.0 | ||
| 008 | 240202b cb ||||| |||| 00| 0 eng d | ||
| 020 | _a0590996428 | ||
| 040 |
_aFISKH _beng _cFISKH _dFISKH |
||
| 050 | _aPZ7.D7294 | ||
| 082 | _a813.54 | ||
| 100 | _aDorros, Arthur | ||
| 245 |
_aAbuela / _cby Dorros, Arthur : illustrated by Kleven Elisa |
||
| 260 |
_aNew York : _bScholastic , _c1991 |
||
| 300 |
_a30 unnumbered pages : _bcolor illustrations ; _c28 cm . |
||
| 490 | _aRosalba & Abuela | ||
| 505 | _aK | ||
| 520 | _aWhile riding on a bus with her grandmother, a little girl imagines that they are carried up into the sky and fly over the sights of New York City. | ||
| 521 | 8 |
_a510
_bLexile |
|
| 521 | 8 |
_aK
_bRaz-Plus |
|
| 600 |
_2grandmothers _vfiction |
||
| 700 |
_aKleven , Elisa _eillustrator |
||
| 942 |
_2ddc _cBK _n0 |
||
| 999 |
_c3073 _d3073 |
||